|
|
|
|
| LEADER |
00000nas a2200000 4500 |
| 008 |
150914b2010 MX q|||| |||| 00| | spa d |
| 999 |
|
|
|c 2871
|d 2871
|
| 022 |
|
|
|a 0185-2698
|
| 090 |
|
|
|a REVIS
|b 06.02.01
|
| 110 |
|
|
|9 4394
|a Instituto de Investigaciones sobre la Universidad y la Educación (IISUE)
|
| 245 |
1 |
0 |
|a Perfiles educativos. Tercera época
|
| 260 |
|
|
|a México :
|b Instituto de Investigaciones sobre la Universidad y la Educación. UNAM,
|c 2010-
|
| 300 |
|
|
|a volúmenes
|
| 650 |
1 |
4 |
|9 1
|a EDUCACIÓN
|
| 650 |
1 |
4 |
|9 7
|a REFORMA DE LA EDUCACIÓN
|
| 650 |
1 |
4 |
|9 3
|a PUBLICACIONES PERIÓDICAS
|
| 942 |
|
|
|i R0136,R0137,R0138,R0139,R0140,R0141,R0142,R0143,R0144,R0145
|h REVIS 06.02.01
|2 z
|c 03
|